India People & Economy (Record no. 67669)
[ view plain ]
| 000 -LEADER | |
|---|---|
| fixed length control field | 00371nam a22001817a 4500 |
| 003 - CONTROL NUMBER IDENTIFIER | |
| control field | OSt |
| 005 - DATE AND TIME OF LATEST TRANSACTION | |
| control field | 20251029123329.0 |
| 008 - FIXED-LENGTH DATA ELEMENTS--GENERAL INFORMATION | |
| fixed length control field | 251029b |||||||| |||| 00| 0 eng d |
| 020 ## - INTERNATIONAL STANDARD BOOK NUMBER | |
| ISBN | 8174507345 |
| 040 ## - CATALOGING SOURCE | |
| Transcribing agency | SKBL |
| 041 ## - LANGUAGE CODE | |
| Language code of text/sound track or separate title | eng |
| 082 ## - DEWEY DECIMAL CLASSIFICATION NUMBER | |
| Classification number | 910 |
| Item number | N1I |
| 100 ## - MAIN ENTRY--AUTHOR NAME | |
| Personal name | NCERT |
| Relator term | Director |
| 245 ## - TITLE STATEMENT | |
| Title | India People & Economy |
| 300 ## - PHYSICAL DESCRIPTION | |
| Number of Pages | 153 |
| 700 ## - ADDED ENTRY--PERSONAL NAME | |
| Relator term | Author |
| 942 ## - ADDED ENTRY ELEMENTS (KOHA) | |
| Koha item type | Books |
No items available.
